Cargando...
Puranakadhamalika/
| Autor principal: | |
|---|---|
| Formato: | Printed Book |
| Publicado: |
Kottayam:
Kairali childrens book trust,
2003.
|
| LEADER | 00448nam a22001337a 4500 | ||
|---|---|---|---|
| 020 | |a 8171520782 | ||
| 082 | |a 294.592503 MAL/P | ||
| 100 | |a Mali | ||
| 245 | |a Puranakadhamalika/ |c Mali | ||
| 260 | |a Kottayam: |b Kairali childrens book trust, |c 2003. | ||
| 300 | |a 2007p. | ||
| 942 | |c REF | ||
| 999 | |c 258393 |d 258393 | ||
| 952 | |0 0 |1 0 |4 0 |6 294_592503000000000_MAL_P |7 0 |9 287735 |a RUS |b RUS |c REF |d 2005-02-15 |g 0.00 |i 5947M |l 0 |o 294.592503 MAL/P |p RUS5947M |r 2014-02-14 |w 2014-02-14 |y REF | ||